[Event "Moscow Open A 2015"]
[Site "Moscow RUS"]
[Date "2015.02.01"]
[Round "2.92"]
[White "Gkogkas, Dimitrios"]
[Black "Oganian, Miran"]
[Result "0-1"]
[BlackTitle "FM"]
[WhiteElo "2175"]
[BlackElo "2347"]
[WhiteFideId "4200462"]
[BlackFideId "4122488"]
[EventDate "2015.01.31"]

1. d4 d5 2. Nf3 Nf6 3. e3 e6 4. Nbd2 Be7 5. Bd3 O-O 6. O-O b6 7. Qe2 c5 8. c3
Nc6 9. Ne5 Nxe5 10. dxe5 Nd7 11. f4 f6 12. exf6 Rxf6 13. e4 Bb7 14. e5 Rf7 15.
f5 Nf8 16. fxe6 Rxf1+ 17. Qxf1 Qe8 18. Qf5 Bc8 19. Qf7+ Qxf7 20. exf7+ Kxf7 21.
Nf3 Ne6 22. Be3 g6 23. Rf1 Kg7 24. Bb5 Bb7 25. Bd7 Nf8 26. Ba4 h6 27. Bb3 Rd8
28. Rd1 Ne6 29. Bf2 Bc6 30. Rd2 Nc7 31. Bg3 Ne6 32. Bf2 Rd7 33. Be3 Bd8 34. Kf2
b5 35. a3 Bb6 36. Ke1 a5 37. Ke2 a4 38. Ba2 Bd8 39. Rd1 Be7 40. Rd2 Rd8 41. Rd1
Bb7 42. Rd2 Nc7 43. Bb1 Bc8 44. h3 Be6 45. Bf2 Rb8 46. Bc2 Na6 47. Bd3 Rb6 48.
Bb1 Rb7 49. Bc2 Nb8 50. Bb1 Nc6 51. Ba2 Rd7 52. Be3 Na5 53. Rd1 Rd8 54. Bc1 Nb3
55. Bb1 Bf7 56. Be3 Na5 57. Bd3 Rb8 58. Bf4 Rb7 59. Bb1 Nc4 60. Bc1 Rd7 61. Bd3
Rb7 62. Bc2 Bf8 63. Rf1 Re7 64. Kd1 g5 65. Re1 Bg6 66. Bxg6 Kxg6 67. Kc2 Kf7 68.
Be3 Re8 69. Bf2 Ke6 70. Bg3 Be7 71. Re2 Rf8 72. Kc1 Rf5 73. Kc2 h5 74. Kc1 g4
75. hxg4 hxg4 76. Nh2 Bg5+ 77. Kc2 Ne3+ 78. Kb1 d4 79. cxd4 cxd4 80. Bf2 Rxf2
81. Rxf2 g3 82. Rf3 gxh2 83. Rh3 Bf4 0-1

[Event "Moscow Open A 2015"]
[Site "Moscow RUS"]
[Date "2015.02.01"]
[Round "2.93"]
[White "Yanchenko, Roman"]
[Black "Pletnev, Evgeniy"]
[Result "1-0"]
[WhiteTitle "FM"]
[WhiteElo "2345"]
[BlackElo "2203"]
[WhiteFideId "4137329"]
[BlackFideId "24104140"]
[EventDate "2015.01.31"]

1. e4 Nc6 2. d4 d5 3. exd5 Qxd5 4. Nf3 Bg4 5. Be2 e5 6. c4 Qd7 7. d5 Bxf3 8.
Bxf3 Nd4 9. O-O f5 10. Re1 Nxf3+ 11. Qxf3 e4 12. Qb3 b6 13. Nc3 Nf6 14. Bg5 Bc5
15. Bxf6 gxf6 16. Ne2 Qd6 17. Qh3 Qe5 18. Ng3 e3 19. fxe3 f4 20. Nf5 O-O-O 21.
b4 Bxb4 22. Ne7+ Kb7 23. Nc6 Qd6 24. Nxd8+ Rxd8 25. Re2 fxe3 26. Qxh7 Qf4 27.
Qd3 Re8 28. Rf1 Qh4 29. g3 Qg5 30. Qf5 Qg8 31. Kg2 Bd6 32. Rf3 Bc5 33. Qxf6 a5
34. Qf7 Qh8 35. d6 Bxd6 36. Rfxe3 Rf8 37. Qd5+ Ka7 38. Rf3 Rd8 39. Qc6 Qh5 40.
c5 Rh8 41. cxb6+ cxb6 42. h4 Be5 43. Qd7+ Ka6 44. Qf5 Qh6 45. Qd3+ 1-0

[Event "Moscow Open A 2015"]
[Site "Moscow RUS"]
[Date "2015.02.01"]
[Round "2.94"]
[White "Payanidi, Janis"]
[Black "Kutuzov, Denis"]
[Result "0-1"]
[WhiteElo "2167"]
[BlackElo "2336"]
[WhiteFideId "24128490"]
[BlackFideId "4133617"]
[EventDate "2015.01.31"]

1. e4 e6 2. d4 d5 3. Nc3 Nf6 4. Bg5 dxe4 5. Nxe4 Be7 6. Bxf6 gxf6 7. Nf3 f5 8.
Nc3 a6 9. g3 b5 10. Bg2 Bb7 11. O-O c5 12. dxc5 Bxc5 13. Qxd8+ Kxd8 14. Ne5 Bxg2
15. Kxg2 Ke7 16. Rad1 Rc8 17. Rfe1 Ra7 18. Ne2 Nd7 19. Nd3 Bd6 20. Nd4 Kf6 21.
f4 Nb6 22. c3 Nc4 23. Re2 Rd7 24. Nb3 Rcd8 25. Ndc5 Bxc5 26. Rxd7 Rxd7 27. Nxc5
Rd6 28. Nb3 a5 29. a3 Rd1 30. Nd4 b4 31. axb4 axb4 32. Nb5 Rd5 33. Nd4 Nxb2 34.
cxb4 Nc4 35. Nc2 Rd3 36. Ne1 Rb3 37. Nc2 Nb6 38. Rd2 Nd5 39. Re2 Rb2 40. Nd4
Rxb4 41. Nf3 Ke7 42. Ne5 Rb7 43. h3 Rc7 44. Ra2 h5 45. h4 f6 46. Nf3 Ne3+ 47.
Kf2 Ng4+ 48. Kg2 e5 49. Re2 Kd6 50. Rd2+ Ke6 51. Re2 Rd7 52. fxe5 fxe5 53. Ng5+
Kf6 54. Ra2 Rd6 55. Kf3 Rd3+ 56. Kg2 e4 57. Nh3 e3 58. Re2 Ke5 59. Nf4 Rd2 60.
Kf3 Kd4 61. Rxd2+ exd2 62. Ke2 Kc3 63. Nd5+ Kc2 64. Nb4+ Kb3 65. Nd5 Nf6 66. Ne3
Ne4 67. Nxf5 Nxg3+ 0-1

[Event "Moscow Open A 2015"]
[Site "Moscow RUS"]
[Date "2015.02.01"]
[Round "2.95"]
[White "Kholopov, Alexander A."]
[Black "Dzhaumutbaev, Erzhan"]
[Result "1-0"]
[WhiteTitle "FM"]
[WhiteElo "2334"]
[BlackElo "2190"]
[WhiteFideId "4148100"]
[BlackFideId "4191110"]
[EventDate "2015.01.31"]

1. d4 Nf6 2. c4 g6 3. Nc3 Bg7 4. e4 d6 5. f4 O-O 6. Nf3 c5 7. d5 b5 8. cxb5 a6
9. a4 axb5 10. Bxb5 Ba6 11. Bd2 Bxb5 12. axb5 Rxa1 13. Qxa1 Qb6 14. O-O Nbd7 15.
Qa6 Rb8 16. Ra1 Ne8 17. e5 Nc7 18. Qa7 Ra8 19. Qxa8+ Nxa8 20. Rxa8+ Nb8 21. Kf2
Qb7 22. Ra4 Nd7 23. Re4 e6 24. exd6 Nf6 25. dxe6 Nxe4+ 26. Nxe4 Qxe4 27. e7 f6
28. Ne5 Qd4+ 29. Be3 Qxb2+ 30. Kg3 Qxb5 31. d7 fxe5 32. e8=Q+ Bf8 33. Qe6+ 1-0

[Event "Moscow Open A 2015"]
[Site "Moscow RUS"]
[Date "2015.02.01"]
[Round "2.96"]
[White "Morgunov, Anatoly"]
[Black "Bykov, Oleg"]
[Result "1-0"]
[WhiteTitle "FM"]
[WhiteElo "2330"]
[BlackElo "2186"]
[WhiteFideId "4145909"]
[BlackFideId "24198978"]
[EventDate "2015.01.31"]

1. d4 Nf6 2. c4 g6 3. Nc3 Bg7 4. e4 d6 5. Be2 O-O 6. Bg5 Nbd7 7. Qd2 Re8 8. Nf3
c5 9. d5 Ng4 10. h3 Nge5 11. Nh2 Nf6 12. f4 Ned7 13. O-O a6 14. Rae1 Qc7 15. a4
Nf8 16. Bd1 h6 17. Bh4 N8h7 18. Bg3 e6 19. e5 dxe5 20. d6 Qa5 21. fxe5 Nd7 22.
Ng4 g5 23. Bc2 Qd8 24. Bxh7+ Kxh7 25. Rxf7 Rf8 26. Qd3+ Kh8 27. Nxh6 Qe8 28. Qg6
Rg8 29. Nxg8 Qxg8 30. Ne4 Qh7 31. Qxh7+ Kxh7 32. Nxg5+ Kg6 33. Rxg7+ Kxg7 34.
Nxe6+ Kg6 35. Nc7 Rb8 36. e6 Nf6 37. Bh4 1-0

[Event "Moscow Open A 2015"]
[Site "Moscow RUS"]
[Date "2015.02.01"]
[Round "2.97"]
[White "Tukubayev, K"]
[Black "Kozlitin, Oleg"]
[Result "0-1"]
[BlackTitle "IM"]
[WhiteElo "2157"]
[BlackElo "2329"]
[WhiteFideId "13708147"]
[BlackFideId "4143590"]
[EventDate "2015.01.31"]

1. d4 Nf6 2. Nf3 g6 3. c4 Bg7 4. Nc3 O-O 5. e4 d6 6. Be2 Nc6 7. d5 Nb4 8. O-O e6
9. Bg5 h6 10. Bh4 Re8 11. Nd2 g5 12. Bg3 a5 13. f4 Nh7 14. Bh5 Rf8 15. fxg5 Nxg5
16. Kh1 Qe7 17. c5 dxc5 18. d6 cxd6 19. Nc4 e5 20. Qxd6 Qxd6 21. Nxd6 Nc2 22.
Rac1 Ne3 23. Nxc8 Rfxc8 24. Rfe1 Nc4 25. Nd5 Nxb2 26. Ne7+ Kf8 27. Nxc8 Rxc8 28.
Rb1 Nd3 29. Re2 c4 30. Bg4 Rc7 31. Be1 c3 32. h4 Nxe4 33. Bf5 c2 34. Rxc2 Rxc2
35. Bxe4 Nxe1 36. Rxe1 Rxa2 37. Bxb7 Ra4 38. g3 Ra2 39. Rf1 Ra3 40. Kg2 Ke7 41.
Bd5 f6 42. Rb1 Kd6 43. Be4 Ra4 44. Bf5 Rb4 45. Rd1+ Rd4 46. Rb1 e4 47. Rb8 Ke5
48. Bg6 Rd2+ 49. Kf1 f5 50. Rb5+ Rd5 51. Rxd5+ Kxd5 52. Bxf5 Be5 53. Ke2 Kd4 54.
g4 Bf4 55. Bd7 Kc3 56. Bc6 e3 57. Bb5 Kb4 0-1

[Event "Moscow Open A 2015"]
[Site "Moscow RUS"]
[Date "2015.02.01"]
[Round "2.98"]
[White "Gerasimov, Ivan"]
[Black "Terekhov, Konstantin"]
[Result "1/2-1/2"]
[WhiteTitle "FM"]
[WhiteElo "2327"]
[BlackElo "2178"]
[WhiteFideId "4196562"]
[BlackFideId "4115856"]
[EventDate "2015.01.31"]

1. e4 c6 2. d4 d5 3. e5 Bf5 4. Nd2 e6 5. Nb3 c5 6. dxc5 Bxc5 7. Nxc5 Qa5+ 8. c3
Qxc5 9. Qa4+ Nc6 10. Be3 Qa5 11. Qxa5 Nxa5 12. Bb5+ Nc6 13. f4 Be4 14. Kf2 Ne7
15. Nf3 Nf5 16. Bc5 Bxf3 17. Kxf3 h5 18. Rad1 a6 19. Ba4 Rc8 20. b4 f6 21. exf6
gxf6 22. Rhe1 Kf7 23. c4 Nxb4 24. Bxb4 Rxc4 25. Bd7 Rxb4 26. Bxe6+ Kg6 27. Rxd5
Nd4+ 28. Kg3 Re8 29. f5+ Kh6 30. Kh3 Nxe6 31. fxe6 Kg6 32. Re3 Rb6 33. e7 Rc6
34. Rg3+ Kh6 35. Rd8 Rxe7 36. Rh8+ Rh7 37. Rhg8 Rf7 38. Rh8+ Rh7 39. Rhg8 Rf7
40. Rh8+ Rh7 41. Rhg8 Rf7 1/2-1/2

[Event "Moscow Open A 2015"]
[Site "Moscow RUS"]
[Date "2015.02.01"]
[Round "2.99"]
[White "Hambardzumian, Yuri"]
[Black "Sargsyan, Shant"]
[Result "1/2-1/2"]
[WhiteTitle "IM"]
[BlackTitle "CM"]
[WhiteElo "2326"]
[BlackElo "2172"]
[WhiteFideId "13302795"]
[BlackFideId "13306766"]
[EventDate "2015.01.31"]

1. e4 c5 2. Nf3 d6 3. Nc3 Nf6 4. e5 dxe5 5. Nxe5 Nbd7 6. Nc4 g6 7. a4 Bg7 8. Be2
O-O 9. a5 Ne8 10. Bf3 Rb8 11. d3 Nd6 12. Nxd6 exd6 13. O-O Ne5 14. Bd5 Be6 15.
Re1 Qd7 16. a6 b5 17. Bb7 h6 18. Bf4 Kh7 19. Ne4 Rbe8 20. c3 Bf5 21. h3 Bxe4 22.
Rxe4 d5 23. Re1 Qf5 24. Bxe5 Rxe5 25. Rxe5 Qxe5 26. Qb3 d4 27. c4 b4 28. Be4 f5
29. Bf3 h5 30. Qa4 Re8 31. Qd7 Re7 32. Qd5 h4 33. Qxe5 Bxe5 34. Kf1 Bc7 35. Re1
Rxe1+ 36. Kxe1 Kg7 37. Bc6 Kf6 38. b3 Bd6 39. Ke2 Bc7 40. Kf3 Bd6 41. Ke2 1/2-1/2

[Event "Moscow Open A 2015"]
[Site "Moscow RUS"]
[Date "2015.02.01"]
[Round "2.100"]
[White "Savitskiy, Sergey"]
[Black "Amangeldiyev, Gurbangeldi, "]
[Result "1-0"]
[WhiteTitle "FM"]
[WhiteElo "2325"]
[BlackElo "2153"]
[WhiteFideId "24105660"]
[BlackFideId "14002302"]
[EventDate "2015.01.31"]

1. e4 e6 2. d4 d5 3. Nc3 Nf6 4. e5 Nfd7 5. f4 c5 6. Nf3 Nc6 7. Be3 a6 8. Qd2 b5
9. a3 Bb7 10. Be2 Qb6 11. Nd1 cxd4 12. Nxd4 Nxd4 13. Bxd4 Bc5 14. c3 Bxd4 15.
cxd4 Rc8 16. Ne3 O-O 17. O-O f6 18. Kh1 Rc7 19. Rf3 a5 20. Raf1 b4 21. f5 fxe5
22. fxe6 Qxe6 23. Rxf8+ Nxf8 24. Bg4 Qe8 25. axb4 axb4 26. Qxb4 exd4 27. Nf5 Ng6
28. Re1 Qf8 29. Qxd4 Rf7 30. Ng3 Nf4 31. Qa4 Qd6 32. Nf5 Qc7 33. Qe8+ 1-0

[Event "Moscow Open A 2015"]
[Site "Moscow RUS"]
[Date "2015.02.01"]
[Round "2.101"]
[White "Mamyrbay, Assad"]
[Black "Mischuk, Dmitry"]
[Result "0-1"]
[BlackTitle "IM"]
[WhiteElo "2152"]
[BlackElo "2323"]
[WhiteFideId "13708880"]
[BlackFideId "14118734"]
[EventDate "2015.01.31"]

1. e4 e6 2. d4 d5 3. Nc3 Nf6 4. e5 Nfd7 5. f4 c5 6. Nf3 Nc6 7. Be3 cxd4 8. Nxd4
Qb6 9. Qd2 Qxb2 10. Rb1 Qa3 11. Bb5 Nxd4 12. Bxd4 a6 13. Bxd7+ Bxd7 14. Rb3 Qe7
15. Rxb7 Rc8 16. O-O Qa3 17. Rb3 Qa5 18. f5 Bc5 19. Kh1 Bxd4 20. Qxd4 Qc5 21.
Qg4 g6 22. fxe6 Bxe6 23. Qa4+ Kf8 24. Ne2 d4 25. Rb7 Qc4 26. Qa3+ Kg8 27. Qd3
Bd5 28. Re7 Qc5 29. Qh3 Qxe7 30. Qxc8+ Kg7 31. Qg4 Qxe5 32. Nxd4 h5 33. Nf5+ Kh7
34. Qh3 Bc4 0-1

[Event "Moscow Open A 2015"]
[Site "Moscow RUS"]
[Date "2015.02.01"]
[Round "2.102"]
[White "Kotlyar, Kirill"]
[Black "Shandrygin, Nikita"]
[Result "1-0"]
[WhiteTitle "FM"]
[WhiteElo "2320"]
[BlackElo "2151"]
[WhiteFideId "24145599"]
[BlackFideId "24198668"]
[EventDate "2015.01.31"]

1. Nf3 Nf6 2. g3 g6 3. Bg2 Bg7 4. O-O O-O 5. c4 d5 6. cxd5 Nxd5 7. Nc3 Nb6 8. d3
Nc6 9. Bg5 h6 10. Be3 e5 11. a3 Nd4 12. Rc1 c6 13. Ne4 Nd5 14. Bd2 Re8 15. Re1
Ne6 16. e3 f5 17. Nc3 Nb6 18. Qc2 Bd7 19. b4 Qe7 20. Na4 Nxa4 21. Qxa4 Qd6 22.
Bc3 Nc7 23. Red1 Be6 24. Bb2 Bf7 25. e4 Nb5 26. Qa5 Bb3 27. Re1 Bf6 28. Nd2 Bd8
29. Nxb3 Bxa5 30. Nxa5 Qc7 31. exf5 gxf5 32. Nxb7 Qxb7 33. Bxc6 Qb6 34. Bd5+ Kh7
35. Bxa8 Rxa8 36. Rxe5 Nd4 37. Re7+ Kg6 38. Bxd4 Qxd4 39. Rc6+ Kh5 40. Rh7 Kg5
41. Rhxh6 f4 42. Rcg6+ 1-0

[Event "Moscow Open A 2015"]
[Site "Moscow RUS"]
[Date "2015.02.01"]
[Round "2.103"]
[White "Yeletsky, Ivan"]
[Black "Selivanov, Ivan"]
[Result "1-0"]
[WhiteTitle "FM"]
[WhiteElo "2315"]
[BlackElo "2149"]
[WhiteFideId "24180327"]
[BlackFideId "24199060"]
[EventDate "2015.01.31"]

1. d4 Nf6 2. c4 e6 3. Nc3 c5 4. d5 exd5 5. cxd5 d6 6. e4 g6 7. f4 Bg7 8. Bb5+
Nfd7 9. a4 O-O 10. Nf3 Re8 11. O-O a6 12. Bc4 b5 13. axb5 Nb6 14. Be2 axb5 15.
Rxa8 Nxa8 16. Bxb5 Bd7 17. Bd3 Qb6 18. Kh1 Na6 19. f5 Nb4 20. fxg6 fxg6 21. Bc4
Qd8 22. Bg5 Qb8 23. e5 Nb6 24. e6 Bxe6 25. dxe6 Nxc4 26. e7 Kh8 27. Nh4 Qb7 28.
Nxg6+ hxg6 29. Qg4 Ne5 30. Qh3+ Kg8 31. Qe6+ Kh7 32. Rf4 Bh6 33. Rh4 Ng4 34.
Qf7+ Kh8 35. Rxh6+ Nxh6 36. Bf6# 1-0

[Event "Moscow Open A 2015"]
[Site "Moscow RUS"]
[Date "2015.02.01"]
[Round "2.104"]
[White "Zhurikhin, Alexander"]
[Black "Danielyan, Vahe"]
[Result "1-0"]
[WhiteTitle "FM"]
[WhiteElo "2314"]
[BlackElo "2140"]
[WhiteFideId "4139569"]
[BlackFideId "13304828"]
[EventDate "2015.01.31"]

1. e4 e5 2. Nc3 Nf6 3. g3 d5 4. exd5 Bc5 5. Bg2 O-O 6. Nge2 b5 7. Nxb5 c6 8.
Nbc3 cxd5 9. O-O Bg4 10. h3 Bh5 11. d3 h6 12. g4 Bxg4 13. hxg4 Nxg4 14. Bf3 Qh4
15. Bxg4 Qxg4+ 16. Kh2 f5 17. f4 Rf6 18. Ng3 Qh4+ 19. Kg2 Rg6 20. Ne2 Nc6 21.
fxe5 Nd4 22. Rf4 Qh5 23. Rxd4 Bxd4 24. Bf4 Bb6 25. Nc3 Rg4 26. Nxd5 Rd8 27. Qf3
Rxg3+ 28. Bxg3 Qxf3+ 29. Kxf3 Rxd5 30. Re1 Kf7 31. e6+ Ke7 32. Be5 Bd4 33. Bxd4
Rxd4 34. Rg1 g5 35. Rh1 Rf4+ 36. Ke3 Ra4 37. Rxh6 Rxa2 38. c4 Rxb2 39. c5 f4+
40. Ke4 a5 41. Kd5 a4 42. Rh7+ Kf6 43. c6 Rb5+ 44. Kd6 a3 45. c7 Rb6+ 46. Kd7
Rb7 47. e7 1-0

[Event "Moscow Open A 2015"]
[Site "Moscow RUS"]
[Date "2015.02.01"]
[Round "2.105"]
[White "Semiev, Suhrab"]
[Black "Goltsev, Dmitry"]
[Result "1-0"]
[WhiteTitle "IM"]
[WhiteElo "2310"]
[BlackElo "2111"]
[WhiteFideId "14000865"]
[BlackFideId "24176710"]
[EventDate "2015.01.31"]

1. d4 d5 2. Nf3 Nc6 3. Bf4 Bg4 4. e3 e6 5. c4 Nf6 6. c5 Ne4 7. Bb5 f6 8. Qa4 Qd7
9. h3 Bh5 10. Nbd2 Nxd2 11. Nxd2 a6 12. Nb3 Be7 13. Bxc6 bxc6 14. Na5 Rb8 15. b4
Rb5 16. a3 O-O 17. O-O g5 18. Bh2 f5 19. Be5 f4 20. exf4 gxf4 21. Qc2 f3 22. g3
Bg5 23. Rfe1 Bg6 24. Qc3 Be4 25. Kh2 Rf5 26. Nb3 Qf7 27. Nd2 Bxd2 28. Qxd2 Qg6
29. g4 Rf7 30. Rg1 Kf8 31. a4 Rb8 32. b5 cxb5 33. axb5 axb5 34. Ra7 Rc8 35. Qa5
Qg5 36. c6 Qh4 37. Bg3 Qf6 38. Ra8 Rd8 39. Qb4+ Kg8 40. g5 1-0

[Event "Moscow Open A 2015"]
[Site "Moscow RUS"]
[Date "2015.02.01"]
[Round "2.106"]
[White "Zhuk, Valeriy"]
[Black "Schekachikhin, Maksim"]
[Result "0-1"]
[BlackTitle "FM"]
[WhiteElo "2150"]
[BlackElo "2306"]
[WhiteFideId "24151254"]
[BlackFideId "24177830"]
[EventDate "2015.01.31"]

1. e4 c5 2. Nf3 e6 3. d4 cxd4 4. Nxd4 Nc6 5. Nc3 Qc7 6. Be2 a6 7. O-O b5 8. Be3
Bb7 9. Nxc6 Bxc6 10. a3 Nf6 11. Qd3 Qb7 12. f3 d6 13. Bf4 Rd8 14. a4 b4 15. Nb1
a5 16. c4 Nd7 17. Nd2 Nc5 18. Qc2 Be7 19. b3 Bf6 20. Rac1 Bd4+ 21. Kh1 e5 22.
Bg3 Ne6 23. Rfd1 h5 24. Nf1 h4 25. Be1 Nf4 26. Bd3 f5 27. Bf2 h3 28. g3 Nxd3 29.
Bxd4 Nxc1 30. Bf2 Na2 31. Qxa2 Bxe4 32. Re1 Bxf3+ 33. Kg1 O-O 0-1

[Event "Moscow Open A 2015"]
[Site "Moscow RUS"]
[Date "2015.02.01"]
[Round "2.107"]
[White "Kruzhilin, Aleksey"]
[Black "Sysoev, Vjacheslav"]
[Result "0-1"]
[BlackTitle "FM"]
[WhiteElo "2141"]
[BlackElo "2306"]
[WhiteFideId "24177547"]
[BlackFideId "4198689"]
[EventDate "2015.01.31"]

1. d4 d6 2. c4 Nf6 3. Nc3 Nbd7 4. e4 e5 5. Nf3 Be7 6. Be2 c6 7. O-O Qc7 8. Bg5
h6 9. Bh4 g5 10. Bg3 Nh5 11. Rc1 Nf4 12. b4 Nf8 13. c5 dxc5 14. dxe5 N8g6 15.
Bxf4 Nxf4 16. bxc5 g4 17. Nd2 Qxe5 18. Nc4 Qxc5 19. e5 Be6 20. Ne4 Qd5 21. Ncd6+
Kf8 22. Bxg4 Qxe5 23. Bxe6 Qxe6 24. Re1 Rg8 25. Qd2 Qh3 0-1

[Event "Moscow Open A 2015"]
[Site "Moscow RUS"]
[Date "2015.02.01"]
[Round "2.108"]
[White "Batyuk, Artem"]
[Black "Dovletov, Hajugurban"]
[Result "1-0"]
[WhiteElo "2306"]
[BlackElo "2097"]
[WhiteFideId "34115088"]
[BlackFideId "14003600"]
[EventDate "2015.01.31"]

1. e4 c5 2. Nf3 d6 3. d4 cxd4 4. Nxd4 Nf6 5. Nc3 a6 6. Bc4 e6 7. Bb3 Be7 8. O-O
O-O 9. a4 Nc6 10. Be3 Qc7 11. Qe2 Bd7 12. f4 Rfe8 13. h3 Bf8 14. g4 d5 15. e5
Ne4 16. Nxe4 dxe4 17. Rfd1 Red8 18. c3 Nxd4 19. Bxd4 Bc5 20. Bc2 Qb6 21. Qxe4
Bc6 22. Qxh7+ Kf8 23. Qh8+ Ke7 24. Qh4+ g5 25. fxg5 Bxd4+ 26. cxd4 Rh8 27. Qg3
Qxb2 28. Qa3+ Qxa3 29. Rxa3 Rag8 30. Kf2 Rxg5 31. Kg3 Rgg8 32. Kf4 Bg2 33. Be4
Bxh3 34. Rg3 Rh4 35. Bf3 f5 36. exf6+ Kxf6 37. Rh1 Rgh8 38. Bxb7 a5 39. Bf3 R8h7
40. Rh2 Rh8 41. Rg1 Rd8 42. Rd1 Rg8 43. Rdh1 Rd8 44. Kg3 Rhh8 45. Rd1 Bxg4 1-0

[Event "Moscow Open A 2015"]
[Site "Moscow RUS"]
[Date "2015.02.01"]
[Round "2.109"]
[White "Oganisian, Roman"]
[Black "Derakhshani, Borna"]
[Result "1-0"]
[WhiteTitle "FM"]
[BlackTitle "CM"]
[WhiteElo "2304"]
[BlackElo "2081"]
[WhiteFideId "4153006"]
[BlackFideId "12518450"]
[EventDate "2015.01.31"]

1. e4 e5 2. Nf3 Nc6 3. d4 exd4 4. Nxd4 Bc5 5. Be3 Qf6 6. c3 Nge7 7. Qf3 Nxd4 8.
Qxf6 Nc2+ 9. Kd2 Bxe3+ 10. fxe3 gxf6 11. Kxc2 d6 12. Bb5+ c6 13. Be2 f5 14. Nd2
Be6 15. Raf1 O-O-O 16. Rf2 Rhg8 17. Rhf1 fxe4 18. Nxe4 f5 19. Ng3 Rg5 20. Bd3
Rdg8 21. e4 fxe4 22. Nxe4 Rxg2 23. Nxd6+ Kc7 24. Ne8+ Kd8 25. Nf6 Rxf2+ 26. Rxf2
Rf8 27. Bxh7 Nd5 28. Ne4 Ne3+ 29. Kb1 Rxf2 30. Nxf2 Ke7 31. Ne4 Bd5 32. b3 Bxe4+
33. Bxe4 Nf1 34. Bd3 Nxh2 35. Be2 Ke6 36. Kc1 Ke5 37. Kd2 Ke4 38. b4 Kd5 39. c4+
Ke5 40. c5 Kd5 41. a4 Ke5 42. Kc3 Ke4 43. Bh5 Kd5 44. Kd3 Ke6 45. Be2 Ke7 46.
Ke4 Kd7 47. Kf4 1-0

[Event "Moscow Open A 2015"]
[Site "Moscow RUS"]
[Date "2015.02.01"]
[Round "2.110"]
[White "Kalinin, Nikita"]
[Black "Geivondian, Arman"]
[Result "1-0"]
[WhiteElo "2139"]
[BlackElo "2304"]
[WhiteFideId "24155390"]
[BlackFideId "24102032"]
[EventDate "2015.01.31"]

1. e4 e6 2. d4 d5 3. Nc3 Nf6 4. e5 Nfd7 5. f4 c5 6. Nf3 Nc6 7. Be3 a6 8. Qd2 b5
9. Bd3 b4 10. Nd1 Qb6 11. c3 g6 12. O-O a5 13. Nf2 Ba6 14. Bxa6 Qxa6 15. Ng4
bxc3 16. bxc3 Be7 17. dxc5 Qc4 18. Nf6+ Nxf6 19. exf6 Bxc5 20. Ne5 Nxe5 21. fxe5
Kd7 22. Bxc5 Qxc5+ 23. Kh1 Rhc8 24. Rac1 Qc7 25. Rfe1 Qc4 26. Qh6 Rh8 27. Rb1
Kc6 28. h3 Rab8 29. Rb3 a4 30. Rb4 Qxa2 31. Qf4 g5 32. Qd4 a3 33. Qa7 Rxb4 34.
cxb4 Qc2 35. Qa6+ 1-0

[Event "Moscow Open A 2015"]
[Site "Moscow RUS"]
[Date "2015.02.01"]
[Round "2.111"]
[White "Rakhimgaliyev, Yerlan"]
[Black "Gumirov, Konstantin L"]
[Result "1-0"]
[WhiteTitle "FM"]
[WhiteElo "2302"]
[BlackElo "1988"]
[WhiteFideId "13705148"]
[BlackFideId "4125061"]
[EventDate "2015.01.31"]

1. e4 e5 2. Nf3 Nc6 3. Bb5 Bc5 4. c3 Qf6 5. d4 exd4 6. e5 Qg6 7. cxd4 Nxd4 8.
Nxd4 Qe4+ 9. Be3 Qxg2 10. Qf3 Qxf3 11. Nxf3 Bxe3 12. fxe3 Ne7 13. Nc3 O-O 14.
O-O-O c6 15. Bc4 b5 16. Bb3 a5 17. Ne4 a4 18. Bc2 Ra7 19. Rhe1 Nd5 20. Nc5 Re8
21. a3 Nb6 22. Ne4 Ba6 23. Nd6 Rf8 24. Ng5 g6 25. Rd4 Nd5 26. Rh4 h5 27. Bb1 c5
28. Rg1 Ne7 29. Rxh5 gxh5 30. Ngxf7+ 1-0

[Event "Moscow Open A 2015"]
[Site "Moscow RUS"]
[Date "2015.02.01"]
[Round "2.112"]
[White "Feduk, Viktor"]
[Black "Uraev, Ivan"]
[Result "1/2-1/2"]
[BlackTitle "FM"]
[WhiteElo "2112"]
[BlackElo "2287"]
[WhiteFideId "4173368"]
[BlackFideId "4192443"]
[EventDate "2015.01.31"]

1. e4 c5 2. c3 d5 3. exd5 Qxd5 4. d4 Nf6 5. Nf3 e6 6. Be2 Be7 7. O-O O-O 8. c4
Qc6 9. dxc5 Na6 10. Be3 Rd8 11. Qc1 Nxc5 12. Nc3 a6 13. Qc2 b6 14. b4 Ncd7 15.
Nd4 Qc7 16. a3 Bb7 17. Rfd1 Rac8 18. Rac1 Qb8 19. Qb3 Bd6 20. h3 Bh2+ 21. Kf1
Bf4 22. Na4 Be4 23. Bf3 Be5 24. Bxe4 Nxe4 25. Nf3 b5 26. Rxd7 Rxd7 27. Nb6 bxc4
28. Qb1 Rd3 29. Nxc8 Bc3 30. Nb6 f5 31. Nxc4 Qd8 32. Kg1 g5 33. Bxg5 Nxg5 34.
Nxg5 Qxg5 35. Qxd3 Qxc1+ 36. Kh2 Kf7 37. Qd7+ Kf6 38. Qd8+ Kg6 39. Qe8+ Kf6 40.
Qf8+ Kg6 41. Qe8+ Kf6 42. Qh8+ Kg5 43. h4+ Kxh4 44. Qxh7+ Kg5 45. Qh3 Kf6 46.
Qh4+ Kg6 47. f4 Bf6 48. Qg3+ Kf7 49. Ne5+ Bxe5 50. fxe5 Qh6+ 51. Kg1 Qc1+ 52.
Kh2 Qh6+ 53. Kg1 Qc1+ 1/2-1/2

[Event "Moscow Open A 2015"]
[Site "Moscow RUS"]
[Date "2015.02.01"]
[Round "2.113"]
[White "Ofitserian, Boris"]
[Black "Baterdene, Tsogbayar"]
[Result "1/2-1/2"]
[WhiteTitle "FM"]
[WhiteElo "2283"]
[BlackElo "1977"]
[WhiteFideId "24199443"]
[BlackFideId "4901592"]
[EventDate "2015.01.31"]

1. e4 c5 2. Nf3 d6 3. d4 cxd4 4. Nxd4 Nf6 5. Nc3 a6 6. h3 e5 7. Nde2 Be6 8. g4
d5 9. exd5 Nxd5 10. Bg2 Bb4 11. Bd2 Nc6 12. O-O O-O 13. a3 Bxc3 14. Nxc3 Rc8 15.
Ne4 Nce7 16. b3 b5 17. Rc1 Ng6 18. Ng5 Ngf4 19. Bxf4 Nxf4 20. Qxd8 Rfxd8 21. Bf3
Bd5 22. Kh2 Bxf3 23. Nxf3 f6 24. Rfe1 Rc3 25. Re3 Rdc8 26. Ne1 Ne6 27. Rxc3 Rxc3
28. Rd1 Nd4 29. f4 Nf3+ 30. Nxf3 Rxf3 31. fxe5 fxe5 32. Rd6 Rc3 33. Rxa6 Rxc2+
34. Kg1 Rc3 35. b4 Rxh3 36. Kg2 Re3 37. Rb6 Rxa3 38. Rxb5 e4 39. Re5 e3 40. Kf3
Rb3 41. Rxe3 Rxb4 42. Re7 h6 43. g5 hxg5 44. Re5 g4+ 45. Kg3 Kh7 46. Re6 g6 47.
Re3 Kh6 48. Ra3 1/2-1/2